Loading...
| Fine Arts - Classical Music | 1 | 10.00 | 100% | 0% | 0% |
| Fine Arts - Other Fine Arts | 3 | 3.33 | 33% | 0% | 0% |
| Fine Arts - Painting and Sculpture | 2 | 10.00 | 100% | 0% | 0% |
| Geography | 1 | 10.00 | 100% | 0% | 0% |
| History - American History | 3 | 13.33 | 100% | 0% | 33% |
| History - European History | 1 | 20.00 | 100% | 100% | 0% |
| History - Other History | 2 | 5.00 | 50% | 0% | 0% |
| History - World History | 1 | 10.00 | 100% | 0% | 0% |
| Literature - American Literature | 2 | 10.00 | 50% | 0% | 50% |
| Literature - British Literature | 2 | 10.00 | 100% | 0% | 0% |
| Literature - World Literature | 2 | 5.00 | 50% | 0% | 0% |
| Mythology | 2 | 10.00 | 50% | 50% | 0% |
| Philosophy | 1 | 0.00 | 0% | 0% | 0% |
| Religion | 1 | 10.00 | 100% | 0% | 0% |
| Science - Biology | 4 | 10.00 | 100% | 0% | 0% |
| Science - Chemistry | 2 | 5.00 | 0% | 50% | 0% |
| Science - Other Science | 3 | 0.00 | 0% | 0% | 0% |
| Science - Physics | 2 | 0.00 | 0% | 0% | 0% |
| Social Science | 2 | 0.00 | 0% | 0% | 0% |